| 000 | 00388cam a22001337a 4500 | ||
|---|---|---|---|
| 008 | 180718b1965 xxu||||| |||| 00| 0 eng d | ||
| 082 | _aA99 K541/J199 | ||
| 100 | _aJain, Ajit Prasad | ||
| 245 |
_aRafi Ahmad Kidwai: a memoir of his life and times _cby Ajit Prasad Jain |
||
| 260 |
_aBombay _bAsia _c1965 |
||
| 300 | _a130p. | ||
| 500 | _aRs.14.00 | ||
| 650 | _aKidwai, Rafi Ahmad, 1894-1954 | ||
| 999 |
_c371585 _d371585 |
||